000 02294cam a2200541 i 4500
001 xx004953704
003 NUKAT
005 20260428103334.0
008 200924s2020 pl a |001 0apol c
020 _a9788380989092
_q(oprawa twarda) :
_czł 45,00
035 _a(OCoLC)1199650351
035 _a(NUKAT)xx004953704
040 _aKAT U/DL
_bpol
_erda
_cKAT U/DLs
_dKAT U/MP
_dWR O/JG
_dWA 392/MD
_dOLSZT 008/bak
045 2 _bd1939
_bd1954
046 _k2020
100 1 _aKociuba, Wanda Barbara
_d(1928-2017).
_eAutor
_940764
245 1 0 _a"Zamiast Twojego uśmiechu, Polsko, mamy łzy i uśmiech niedoli” :
_bpamiętnik z Syberii, Iranu i Libanu /
_cWanda Barbara Kociuba ; wstęp i opracowanie Wojciech Kujawa.
246 3 0 _aPamiętnik z Syberii, Iranu i Libanu
260 _aWarszawa :
_bInstytut Pamięci Narodowej. Komisja Ścigania Zbrodni przeciwko Narodowi Polskiemu,
_c2020.
300 _a447, [1] strona :
_bilustracje ;
_c25 cm.
336 _aTekst
_btxt
_2rdacontent
337 _aBez urządzenia pośredniczącego
_bn
_2rdamedia
338 _aWolumin
_bnc
_2rdacarrier
380 _aKsiążki
380 _aLiteratura faktu, eseje, publicystyka
386 _mPrzynależność kulturowa
_aLiteratura polska
388 1 _a2001-
504 _aBibliografia na stronach 407-425. Indeksy.
600 1 7 _aKociuba, Wanda Barbara
_d(1928-2017)
_2DBN
_940764
600 1 7 _aKociuba, Wanda Barbara
_d(1928-2017)
_vpamiętniki.
_2kaba
_940765
648 7 _a1901-2000
_2DBN
_934996
648 7 _a1939-1945
_2DBN
_936042
648 7 _a1945-1989
_2DBN
_936043
650 7 _aFizycy
_2DBN
_940766
650 7 _aPolacy za granicą
_2DBN
_935953
650 7 _aWojna światowa (1939-1945)
_xobozy koncentracyjne
_zPolska
_vrelacje osobiste.
_2kaba
_913177
651 7 _aIran
_2DBN
_940767
651 7 _aLiban
_2DBN
_940768
651 7 _aPolska
_2DBN
_935076
651 7 _aStany Zjednoczone (USA)
_2DBN
_935652
651 7 _aSyberia (Rosja)
_2DBN
_940769
655 7 _aPamiętniki i wspomnienia
_2DBN
_935005
658 _aHistoria
700 1 _aKujawa, Wojciech
_d(1981- ).
_eRedakcja
_913125
710 2 _aInstytut Pamięci Narodowej - Komisja Ścigania Zbrodni przeciwko Narodowi Polskiemu.
_eWydawca
_4pbl
_911792
920 _a978-83-8098-909-2 (oprawa twarda) : zł 45,00
942 _2ddc
_cBK_NM
999 _c27834
_d27834